|
|
|
|
| LEADER |
01184cam a2200337 7i4500 |
| 001 |
0000065316 |
| 005 |
20251203090000.0 |
| 005 |
##20171110103600.0 |
| 003 |
##MY-KlINT |
| 008 |
160316 000 0 eng d |
| 020 |
# |
# |
|a 9780071750172
|
| 039 |
# |
9 |
|a 201711101036
|b aziah
|c 201603221158
|d aziah
|c 201603161259
|d aziah
|c 201603161257
|d aziah
|y 201603161257
|z aziah
|
| 040 |
# |
# |
|a BK
|
| 082 |
0 |
0 |
|a 428.3421
|
| 090 |
0 |
0 |
|a 428.3421
|b CAM
|
| 100 |
1 |
# |
|a Cameron, Susan
|e author
|
| 245 |
0 |
0 |
|a Perfecting Your English Pronunciation /
|c Susan Cameron.
|
| 264 |
# |
0 |
|c ♭ 2012
|
| 264 |
# |
0 |
|a New York
|b Mc Graw Hill
|c 2012
|
| 300 |
# |
# |
|a xix, 234 pages:
|b illustrations;
|c 24cm +.
|
| 336 |
# |
# |
|a text
|2 rdacontent
|
| 337 |
# |
# |
|a unmediated
|2 rdamedia
|
| 338 |
# |
# |
|a volume
|2 rdacarrier
|
| 500 |
# |
# |
|a The most effective method to reduce your accent.-- Cover.
|
| 583 |
# |
# |
|a Cataloging in progress
|
| 650 |
# |
0 |
|a English language --
|x Pronunciation
|
| 650 |
# |
0 |
|a Englis language --
|x Grammar --
|z United States
|
| 997 |
# |
# |
|a BK
|
| 998 |
# |
# |
|a 1603070786 1601271128 1000076306
|
| 999 |
|
|
|a 1601271128
|b BOOK
|c Main Fiction
|e INTAN Bukit Kiara
|
| 999 |
|
|
|a 1603070786
|b BOOK
|c Hotspot
|e INTAN Bukit Kiara
|